00744nam a2200241 a 4500001001300000003000900013005001700022008004100039020002300080082001300103100002200116245007900138260004400217300000900261500003500270505001000305650001900315700002200334902000800356942000700364952011400371999001700485nice12345678IN_TiNIC20260116013730.0050524s1998 lona grp 000 0 eng  a0194298 c39500a306bCHO aChowdhury, Indira aFrail Hero and Virile Historyb Gender and Politics of Culture in Colonial aLondan bOxford University Press c1998 a193p aincludes index and biblioraphy2 aIndex aCulture-Bengal1 aChowdhury, Indira bSRS cBK 001040708StackRoom-aHMIbHMId2007-03-30g395.00l0o306 CHOp018422r2007-03-30v395.00w2005-05-24yBK c12207d12207